000 01168cam a22003017a 4500
001 17771135
005 20180214084646.0
008 130610s1999 nyua b 001 0 eng d
010 _a 2013414487
020 _a039304713X
020 _a9780393047134
020 _a039331815X (pbk. : alk paper)
020 _a9780393318159 (pbk. : alk. paper)
035 _a(OCoLC)ocm40613781
040 _aYSY
_cYSY
_dJYJ
_dCD5
_dEL$
_dOCLCQ
_dBAKER
_dOCLCG
_dFER
_dHNW
_dOCLCA
_dDLC
041 _aeng
042 _alccopycat
080 _a338.9 BRO
082 0 4 _a338.9 BRO
100 _a54
101 _aMEN
245 0 0 _aState of the world, 1999 :
_cproject director, Lester R. Brown ; associate project directors, Christopher Flavin, Hilary F. French ; editor, Linda Starke ; contributing researchers, Janet N. Abramovitz ... [et al.].
246 1 4 _a1999 State of the world
504 _aIncludes bibliographical references (p. [189]-248 and index.
906 _a7
_bcbc
_ccopycat
_d2
_encip
_f20
_gy-gencatlg
942 _2ddc
_cBK
999 _c42530
_d42530